Colombia: guía para el viajero

Uloženo v:
Podrobná bibliografie
Hlavní autor: García Rocha, Angela (Autor)
Médium: Kniha
Jazyk:španělština
Vydáno: Bogotá Corporación Nacional de Turismo CNT 1991
Vydání:1a. ed
Témata:
Tagy: Přidat tag
Žádné tagy, Buďte první, kdo vytvoří štítek k tomuto záznamu!

MARC

LEADER 00000cam a2200000 a 4500
001 UCG3197
003 CL-VaPUC
008 100812e19911000ck |||||||||||||||||spa|d
082 0 4 |a 918.604  |b GAR  |2 21 
100 0 |a García Rocha, Angela  |e author  |9 552147 
245 1 0 |a Colombia: guía para el viajero 
250 |a 1a. ed 
300 |a 56 p 
942 |c BK 
945 |d 20100812 00:00:00  |a mfarfan 
260 |a Bogotá  |b Corporación Nacional de Turismo CNT  |c 1991 
650 7 |a GUIA TURISTICA  |2 CL-VaPUC  |9 328105 
651 0 |a Colombia  |9 256424 
583 |a last modification  |c 20140813 05:17:18  |k Rodrigo Vera 
999 |c 342279  |d 342277 
952 |0 0  |1 0  |4 0  |6 918_604000000000000_GAR_1991  |7 0  |8 X  |9 438400  |a FDOMLP  |b FDOMLP  |d 2019-11-22  |i 4707931  |o 918.604 GAR 1991  |p 4707931  |r 2019-11-22  |w 2019-11-22  |y BK_X  |k BU2